Statistics for Capital Cities: Equidistant from London and Baghdad

Click here to take the quiz!

General Stats

  • This quiz has been taken 52 times
  • The average score is 14 of 20

Answer Stats

RankDistance from BaghdadDistance from LondonDifferenceCapital City% Correct
5 2,000 2,096 96 Bucharest
94%
2 2,545 2,508 37 Moscow
94%
4 2,113 2,018 95 Sofia
94%
16 1,937 2,394 457 Athens
92%
3 2,214 2,139 75 Kiev
92%
9 2,233 1,945 288 Skopje
78%
17 2,902 2,335 567 Tripoli
76%
12 2,277 1,881 396 Pristina
73%
14 5,537 5,094 443 Accra
71%
7 2,006 2,153 147 Chisinau
71%
15 2,341 1,895 446 Tirana
71%
6 4,639 4,758 119 Abuja
67%
19 4,802 4,218 584 Niamey
65%
10 5,370 5,707 337 Sao Tome
57%
18 5,161 5,736 575 Libreville
55%
11 5,376 5,031 345 Lome
55%
8 5,233 4,996 237 Porto-Novo
53%
13 4,939 5,358 419 Malabo
45%
1 15,779 15,758 21 Apia
39%
20 14,639 15,237 598 Funafuti
37%

Score Distribution

Percentile by Number Answered

Percent of People with Each Score

Your Score History

You have not taken this quiz